000
00270nam a22001097a 4500
008
170112b xxu||||| |||| 00| 0 eng d
020
_a
9780130452160
041
_a
eng
080
_a
618.2
245
_a
TEACHING STRATEGIES FOR NURSE EDUCATORS
_c
DEYOUNG, S
942
_2
udc
_c
BK
999
_c
2810
_d
2810